| 000 | 01589cam a22004694 4500 | ||
|---|---|---|---|
| 003 | PE-LiUPU | ||
| 005 | 20250731173414.0 | ||
| 008 | 1993 miu | ||
| 020 | _a0800628241 | ||
| 035 | _a(Sirsi) i9780800628246 | ||
| 035 | _a(Sirsi) 46684 | ||
| 035 | _a(Sirsi) 46684 | ||
| 041 | _aen | ||
| 044 | _aus | ||
| 082 | 0 | 4 |
_a236 _bM74 |
| 100 | 1 | _aMoltmann, Jürgen | |
| 245 |
_aTheology of hope / _cJürgen Moltmann. |
||
| 264 | 1 |
_aMinneapolis : _bFortress Press, _c1993 |
|
| 300 |
_a342 páginas ; _c22 centímetros |
||
| 505 | 0 | _aIntroduction: Meditation on hope -- Eschatology and revelation -- Promise and history -- The resurrection and the future of Jesus Christ -- Eschatology and history -- Exodus Church. | |
| 526 | _aSEG42 | ||
| 526 | _aSEG41 | ||
| 526 | _aSEG40 | ||
| 526 | _aSEG39 | ||
| 526 | _aP94 | ||
| 526 | _aP87 | ||
| 526 | _aP86 | ||
| 526 | _aP85 | ||
| 526 | _aP77 | ||
| 526 | _aP76 | ||
| 526 | _aP35 | ||
| 650 | 1 | 4 |
_aEsperanza _xCristianismo |
| 650 | 1 | 4 |
_aEscatología _95923 |
| 942 |
_2ddc _cBOOK |
||
| 949 |
_a236 M74 _i64289 _lCCODEBUL1 _mBUL _tLIBRO _o.STAFF. |
||
| 859 |
_q64289 _h236 _iM74 |
||
| 910 |
_bjv _clch _d20120312 |
||
| 596 | _a1 | ||
| 999 |
_aPGT 236 M74 _wDEWEY _c53081 _i64289 _d53081 _e2017-10-2 _f2021-11-10 _g5 _lCCODEBUL1 _mBUL _n1 _p20.00 _q2 _r0 _sY _tBOOK _u2015-7-6 _xTEOLOGIA _PP85 _0COMPRA _o.CIRCNOTE. No olvidar cambiar la fecha de devolución!!!!!!! _o.STAFF. Colección Teología |
||
| 980 |
_81 _gALBERTO SANCHEZ Responsable de Automatización |
||